<?xml version="1.0" encoding="UTF-8"?>
<collection xmlns:xsi="http://www.w3.org/2001/XMLSchema-instance" xsi:schemaLocation="http://www.loc.gov/MARC21/slim http://www.loc.gov/standards/marcxml/schema/MARC21slim.xsd" xmlns="http://www.loc.gov/MARC21/slim">
 <record>
  <leader>00000ctm a22000003a 4500</leader>
  <controlfield tag="001">UP-99796217611095068</controlfield>
  <controlfield tag="003">Buklod</controlfield>
  <controlfield tag="005">20140130080349.0</controlfield>
  <controlfield tag="006">a    grb    001 u|</controlfield>
  <controlfield tag="007">ta</controlfield>
  <controlfield tag="008">140130s2002    xx     d     r    |||| u|</controlfield>
  <datafield tag="035" ind1=" " ind2=" ">
   <subfield code="a">(iLib)UPD-00212404479</subfield>
  </datafield>
  <datafield tag="040" ind1=" " ind2=" ">
   <subfield code="a">DENG</subfield>
  </datafield>
  <datafield tag="041" ind1=" " ind2=" ">
   <subfield code="a">eng</subfield>
  </datafield>
  <datafield tag="090" ind1=" " ind2=" ">
   <subfield code="a">LG 993 2002 E66</subfield>
   <subfield code="b">T6876</subfield>
  </datafield>
  <datafield tag="245" ind1="0" ind2="2">
   <subfield code="a">A Total systems study on the Ninoy Aquino Parks and Wildlife Nature Center (NAPWNC)</subfield>
   <subfield code="c">Gerard John Deriada...[et. al].</subfield>
  </datafield>
  <datafield tag="264" ind1=" " ind2="1">
   <subfield code="a">Diliman, Quezon City</subfield>
   <subfield code="b">College of Engineering</subfield>
   <subfield code="c">2002</subfield>
  </datafield>
  <datafield tag="300" ind1=" " ind2=" ">
   <subfield code="a">50 leaves</subfield>
  </datafield>
  <datafield tag="500" ind1=" " ind2=" ">
   <subfield code="a">Feasibility study</subfield>
  </datafield>
  <datafield tag="506" ind1=" " ind2=" ">
   <subfield code="a">Access exclusively for UP IE students. Written permission required from the department head for NON-IE and NON-UP students or researchers</subfield>
  </datafield>
  <datafield tag="508" ind1=" " ind2=" ">
   <subfield code="a">Submitted in partial fulfillment of the course requirements in IE 155 : Industrial Systems Design</subfield>
  </datafield>
  <datafield tag="520" ind1=" " ind2=" ">
   <subfield code="a">The Ninoy Aquino Parks and Wildlife Nature Center is a government-sponsored nature reserve located in the heart of Quezon City. Its presence there is part of the Protected Areas and Wildlife Bureau?s efforts to promote awareness of the condition of our environment. The objective of the study is to perform a total systems study of the park?s organization that results in recommendations regarding improvements that can be made to the facilities, specially focusing on increasing the number of park visitors and preparing the park for an influx of visitors. The study is composed of three parts ? the marketing study, the technical study, and the financial study. For the marketing study, a survey was conducted an Analysis of Variance (ANOVA) was used as the tool to interpret the results. The results were that all factors considered ? medium used for advertising, place of residence, age and purpose of visit to NAPWNC ? affects the decision of individuals to go to the park or not. From here, the target market and the marketing strategy were derived. In the technical and financial studies, recommendations as to what additional facilities are needed and asked for by park visitors, such as reviving the children?s playground by adding swings and cleaning of the lagoon. The financial statements of the park were studied to determine what percentage of the budget was allotted to land improvements. An implementation strategy was also suggested with the main criteria for categorizing the recommendations being the impact to the environment, costs incurred and difficulty of implementation among others. It is recommended that further studies be made at certain stages of the implementation to determine the appropriateness of the succeeding steps and evaluate if the past projects have been set up properly</subfield>
  </datafield>
  <datafield tag="610" ind1="0" ind2="4">
   <subfield code="a">Ninoy Aquino Parks and Wildlife Nature Center (NAPWNC)</subfield>
  </datafield>
  <datafield tag="650" ind1=" " ind2="0">
   <subfield code="a">National parks and reserves--Philippines.</subfield>
  </datafield>
  <datafield tag="650" ind1=" " ind2="0">
   <subfield code="a">National parks and reserves--Management.</subfield>
  </datafield>
  <datafield tag="650" ind1=" " ind2="0">
   <subfield code="a">System design.</subfield>
  </datafield>
  <datafield tag="658" ind1=" " ind2=" ">
   <subfield code="a">Industrial Systems Design</subfield>
   <subfield code="c">IE 155.</subfield>
  </datafield>
  <datafield tag="700" ind1="1" ind2=" ">
   <subfield code="a">Deriada, Gerard John.</subfield>
  </datafield>
  <datafield tag="700" ind1="1" ind2=" ">
   <subfield code="a">Funesto, Lim.</subfield>
  </datafield>
  <datafield tag="700" ind1="1" ind2=" ">
   <subfield code="a">Gutierrez, Isa Fe Teodorica B.</subfield>
  </datafield>
  <datafield tag="700" ind1="1" ind2=" ">
   <subfield code="a">Ng, Lydia W.</subfield>
  </datafield>
  <datafield tag="905" ind1=" " ind2=" ">
   <subfield code="a">FI</subfield>
  </datafield>
  <datafield tag="905" ind1=" " ind2=" ">
   <subfield code="a">UP</subfield>
  </datafield>
  <datafield tag="950" ind1=" " ind2=" ">
   <subfield code="a">Paper</subfield>
  </datafield>
  <datafield tag="852" ind1="0" ind2=" ">
   <subfield code="a">UPD</subfield>
   <subfield code="b">DENG</subfield>
   <subfield code="h">LG 993 2002 E66</subfield>
   <subfield code="i">T6876</subfield>
  </datafield>
  <datafield tag="942" ind1=" " ind2=" ">
   <subfield code="a">Thesis</subfield>
  </datafield>
 </record>
</collection>
